000 00338nam a2200133Ia 4500
005 20260328104316.0
008 260328s9999||||xx |||||||||||||| ||und||
100 _aMatas, Jaime
245 0 _aLas Plazas de Santiago /
_cJaime Matas
260 _bUniversidad Católica de Chile
300 _a180 p.
650 _aPAISAJISMO
942 _cBK
999 _c11140
_d11140